000 01686nam a2200493 i 4500
001 22889
003 KOSZ 005
005 20210624093252.0
008 981118s1984 pl a f f |000 0 pol
015 _aUWD 1985/4133
020 _a8301056126
035 _a991008204669705066
035 _a(PL-WaBN)b12114005-48omnis_nlop
035 _ab12114005
035 _a(OCoLC)749271342
035 _azz2003863274
035 _a(PL)b0000001211400
035 _a(EXLNZ-48OMNIS_NETWORK)9910291533705606
040 _aWA N
_cWA N
_dKOSZ 005/HR
041 1 _apol
_hrus
046 _k1984
080 _a528.9
100 1 _aSaliŝev, Konstantin Alekseevič
_d(1905-1988)
_eAutor
245 1 0 _aKartografia ogólna /
_cK. A. Saliszczew ; [z ros. przeł. Stefan Gurba et al.].
246 1 _iTyt. oryg.:
_aKartovedenie,
_f1976
260 _aWarszawa :
_bPaństwowe Wydawnictwo Naukowe,
_c1984.
300 _a363, [1] s. :
_bfaks., fot., mapy, wykr. ;
_c24 cm.
336 _aTekst
_btxt
_2rdacontent
337 _aBez urządzenia pośredniczącego
_bn
_2rdamedia
338 _aWolumin
_bnc
_2rdacarrier
380 _aKsiążki
380 _aPublikacje dydaktyczne
385 _mPoziom nauczania
_aSzkoły wyższe
388 _a1901-2000
388 _a1945-1989
650 7 _aKartografia
_2DBN
655 7 _aPodręczniki akademickie
_2DBN
658 _aGeografia i nauki o Ziemi
700 1 _aGurba, Stefania
_d(1930-2010)
_eTłumaczenie
710 2 _aPaństwowe Wydawnictwo Naukowe
_4pbl
856 _uhttp://koha.tu.koszalin.pl/cgi-bin/koha/opac-detail.pl?biblionumber=22889
_yKatalog online BPK
942 _2UKD
_cKS
999 _c22889
_d22889